[Event "Grand Europe Open Albena"]
[Site "Albena BUL"]
[Date "2013.06.03"]
[Round "3.17"]
[White "Solodovnichenko,Y"]
[Black "Dimov,Di"]
[Result "1-0"]
[WhiteElo "2565"]
[BlackElo "2304"]

1.e4 c5 2.Nf3 d6 3.d4 cxd4 4.Nxd4 Nf6 5.Nc3 a6 6.Be3 e6 7.f3 b5 8.Qd2 Bb7
9.g4 Nfd7 10.O-O-O Nb6 11.Nb3 Nc6 12.Qf2 Nd7 13.g5 Rc8 14.h4 Na5 15.Kb1 Nc4
16.Bxc4 Rxc4 17.h5 Qc7 18.Bd4 b4 19.Na4 Bc6 20.h6 e5 21.Bb6 Qc8 22.Na5 Bxa4
23.Nxc4 Qxc4 24.b3 Qc6 25.hxg7 Bxg7 26.Ba5 Bb5 27.Bxb4 Bf8 28.c4 Bxc4 29.bxc4 Qxc4
30.Qd2 Qb5 31.Ka1 Nb6 32.Rb1 Nc4 33.Qc3 Rg8 34.Rhc1  1-0

[Event "FSFMB June 2013"]
[Site "Budapest HUN"]
[Date "2013.06.03"]
[Round "3.5"]
[White "Steer,J"]
[Black "Takacs,Z"]
[Result "1/2-1/2"]
[WhiteElo "1938"]
[BlackElo "1830"]

1.e4 c5 2.Nf3 d6 3.d4 cxd4 4.Nxd4 Nf6 5.Nc3 a6 6.Be3 e6 7.Be2 Be7 8.g4 h6
9.Qd2 b5 10.a3 Bb7 11.f3 d5 12.exd5 Nxd5 13.Nxd5 Bh4+ 14.Kf1 Qxd5 15.Nb3 Qxd2
16.Bxd2  1/2-1/2

[Event "Icelandic Open Championship 2013"]
[Site "Reykjavik ISL"]
[Date "2013.06.06"]
[Round "8.9"]
[White "Grove,Michael"]
[Black "Johannesson,Oliver"]
[Result "1/2-1/2"]
[WhiteElo "2021"]
[BlackElo "2006"]

1.e4 c5 2.Nf3 d6 3.d4 cxd4 4.Nxd4 Nf6 5.Nc3 a6 6.Be3 e5 7.Nf3 Qc7 8.a4 Be7
9.Be2 O-O 10.a5 Be6 11.O-O h6 12.Nd5 Nxd5 13.exd5 Bg4 14.Ne1 Bxe2 15.Qxe2 Nd7
16.f4 exf4 17.Bxf4 Bf6 18.Nd3 Rfe8 19.Qf3 Ne5 20.Bxe5 Bxe5 21.c3 Re7 22.Ra4 Rae8
23.Rg4 g6 24.Nxe5 Rxe5 25.Qf6 Re1 26.b4 Rxf1+ 27.Kxf1 Qd7 28.Rf4 Re5 29.c4 Qe8
30.Kf2 Re2+ 31.Kg3 Re3+ 32.Rf3 Re4 33.c5 dxc5 34.bxc5 Qd7 35.d6 Rc4 36.h3 Rxc5
37.Re3 Rd5 38.Re7 Qxd6+ 39.Qxd6 Rxd6 40.Rxb7 Rd5 41.Ra7 Rxa5 42.Ra8+ Kg7
43.Ra7 Ra1 44.Kh2 Kf6 45.Kg3 Ke6 46.Kh2 h5 47.Kg3 f6 48.Kh2 g5 49.Kg3 h4+
50.Kh2 f5 51.Ra8 Ke5 52.Ra7 a5 53.Ra6 Ke4 54.Rg6 Kf4 55.Rc6 Re1 56.Rc4+ Re4
57.Rc5 a4 58.Ra5 g4 59.hxg4 fxg4 60.Ra6 g3+ 61.Kh3 Ke3 62.Rxa4 Rxa4  1/2-1/2

[Event "3rd Women Masters"]
[Site "Wuxi CHN"]
[Date "2013.06.06"]
[Round "6.2"]
[White "Wang Jue"]
[Black "Ju Wenjun"]
[Result "0-1"]
[WhiteElo "2401"]
[BlackElo "2544"]

1.e4 c5 2.Nf3 d6 3.d4 cxd4 4.Nxd4 Nf6 5.Nc3 a6 6.Be3 Ng4 7.Bc1 Nf6 8.h3 e5
9.Nb3 Be7 10.Be3 Be6 11.Qf3 Nbd7 12.g4 h6 13.O-O-O Nb6 14.Nc5 Bc8 15.N3a4 Nxa4
16.Nxa4 b5 17.Nb6 Bb7 18.Bd3 Rb8 19.Nd5 Bxd5 20.exd5 Nd7 21.Kb1 Bg5 22.Qg3 Bh4
23.Qg2 O-O 24.Rdg1 Nc5 25.Bf5 Qf6 26.Qf3 Na4 27.Qd1 Rfd8 28.Qd2 g6 29.Be4 b4
30.Ka1 Rdc8 31.f3 Nc5 32.g5 hxg5 33.Bxg5 Bxg5 34.Rxg5 Nxe4 35.fxe4 Rc4 36.Re1 Rbc8
37.Rgg1 Qh4 38.Ref1 Qxe4 39.Qf2 Qf4 40.Qa7 Rxc2 41.Kb1 R2c7 42.Rxf4 Rxa7
43.Rxb4 Rc5 44.Rd1 Kf8 45.Rb6 Ke7 46.a3 Rb5 47.Rc6 Rab7 48.Rd2 a5 49.h4 e4
50.Rc3 f5 51.a4 Rb3 52.Rc6 e3 53.Rg2 f4 54.Rxg6 Rxb2+ 55.Kc1 e2 56.Rg7+ Kf6
57.Rxb7 Rxb7 58.Kd2 f3 59.Rc1 Re7 60.Ke1 Ke5 61.Kf2 Kxd5 62.h5 Kd4 63.h6 Kd3
64.Rb1 d5 65.Rh1 Kd2  0-1

[Event "3rd Ortega Rating"]
[Site "Ortega COL"]
[Date "2013.06.09"]
[Round "5.28"]
[White "Salamanca,Juan David"]
[Black "Rosado Perez,M"]
[Result "0-1"]
[WhiteElo "1559"]
[BlackElo "1865"]

1.e4 c5 2.Nf3 d6 3.d4 cxd4 4.Nxd4 Nf6 5.Nc3 a6 6.Be3 e5 7.Nb3 Be6 8.f3 Be7
9.Qd2 Nbd7 10.g4 O-O 11.O-O-O b5 12.h4 b4 13.Na4 a5 14.h5 Qc7 15.g5 Ne8 16.g6 Nef6
17.gxh7+ Kh8 18.Bb5 Rab8 19.Rdg1 Nxh7 20.Bxd7 Bxd7 21.Nb6 Rxb6 22.Bxb6 Qxb6
23.Kb1 a4 24.Nc1 a3 25.Nd3 axb2 26.Nxe5 dxe5 27.Qxd7 Qd6 28.Qxd6 Bxd6 29.Kxb2 Bc5
30.Rb1 Bd4+ 31.Kb3 Ra8 32.Kxb4 Rxa2 33.c3 Be3 34.c4 Ng5 35.h6 Nxf3 36.h7 Bh6
37.c5 Nd2 38.Rbd1 Nxe4 39.c6 Rc2 40.Kb5 Nc3+ 41.Kb6 Be3+ 42.Kb7 Rb2+ 43.Ka6 Nxd1
44.Rxd1 Rb6+ 45.Ka5 Rxc6  0-1

[Event "2nd Grand Europe Open 2013"]
[Site "Golden Sands BUL"]
[Date "2013.06.10"]
[Round "1.11"]
[White "Janev,P"]
[Black "Parligras,M"]
[Result "0-1"]
[WhiteElo "2223"]
[BlackElo "2565"]

1.e4 c5 2.Nf3 d6 3.d4 cxd4 4.Nxd4 Nf6 5.Nc3 a6 6.Be3 e6 7.f3 b5 8.Qd2 Bb7
9.Bd3 Nbd7 10.O-O-O Rc8 11.Rhe1 Be7 12.g4 Ne5 13.Kb1 Nfd7 14.Nce2 Nb6 15.b3 Nbc4
16.Bxc4 bxc4 17.h3 cxb3 18.axb3 O-O 19.f4 Bxe4 20.fxe5 dxe5 21.Ng3 exd4 22.Nxe4 dxe3
23.Qxd8 Rfxd8 24.Rxd8+ Rxd8 25.Rxe3 f5 26.Nf2 Bc5 27.Rf3 Bxf2 28.Rxf2 g6
29.c4 Kf7 30.Kc2 Kf6 31.Kc3 e5 32.Ra2 Rd6 33.c5 Rc6 34.b4 Ke6 35.Kc4 f4 36.h4 h5
37.g5 e4 38.Kd4 Kf5 39.Kd5 Re6 40.c6 Rxc6 41.Kxc6 e3 42.Kd5 f3 43.Rxa6 f2
44.Rf6+ Kg4  0-1

[Event "ch-FIN 2013"]
[Site "Mantta FIN"]
[Date "2013.06.10"]
[Round "1.1"]
[White "Maki Uuro,Mi"]
[Black "Hartikainen,M"]
[Result "1-0"]
[WhiteElo "2336"]
[BlackElo "2313"]

1.e4 c5 2.Nf3 d6 3.d4 cxd4 4.Nxd4 Nf6 5.Nc3 a6 6.Be3 e5 7.Nb3 Be6 8.f3 Nbd7
9.Qd2 Be7 10.g4 Qc7 11.O-O-O Rc8 12.Kb1 O-O 13.g5 Nh5 14.Rg1 b5 15.Nd5 Bxd5
16.exd5 Nb6 17.Na5 Nxd5 18.Qxd5 Qxa5 19.c4 Rb8 20.Bd3 g6 21.cxb5 axb5 22.Rc1 Nf4
23.Bxf4 exf4 24.h4 Qb6 25.Rge1 Bd8 26.h5 Qb7 27.Rc6 Bxg5 28.hxg6 Bf6 29.g7 Rfe8
30.Rg1 Re5 31.Qxd6 Re6 32.Qxf4 Rxc6 33.Qh6  1-0

[Event "27th Pula Open 2013"]
[Site "Pula CRO"]
[Date "2013.06.12"]
[Round "6.19"]
[White "Ledger,D"]
[Black "Trempetic,M"]
[Result "1-0"]
[WhiteElo "2306"]
[BlackElo "2039"]

1.e4 c5 2.Nf3 d6 3.d4 cxd4 4.Nxd4 Nf6 5.Nc3 a6 6.Be3 g6 7.f3 Bg7 8.Qd2 O-O
9.O-O-O Nc6 10.g4 Bd7 11.Kb1 Rc8 12.h4 h5 13.gxh5 Nxh5 14.Rg1 Ne5 15.Be2 Nc4
16.Bxc4 Rxc4 17.Nde2 Kh7 18.Rg5 Bf6 19.Rxh5+ gxh5 20.e5 Rxc3 21.exf6 Rxe3
22.Qxe3 Qc8 23.Qg5  1-0

[Event "2nd Grand Europe Open 2013"]
[Site "Golden Sands BUL"]
[Date "2013.06.13"]
[Round "4.20"]
[White "Petrosian,TL"]
[Black "Roeder,M"]
[Result "1-0"]
[WhiteElo "2649"]
[BlackElo "2409"]

1.e4 c5 2.Nf3 d6 3.d4 cxd4 4.Nxd4 Nf6 5.Nc3 a6 6.Be3 e5 7.Nf3 Qc7 8.a4 Be7
9.a5 O-O 10.Be2 h6 11.Bb6 Qc6 12.Nd5 Nxd5 13.exd5 Qe8 14.Nd2 Bf5 15.Nc4 Qc8
16.Ra3 Nd7 17.Rc3 Qb8 18.Ne3 Bh7 19.Bc7 Qa7 20.Nc4 Rac8 21.Nxd6 Rxc7 22.Rxc7 Bxd6
23.Rxd7 Bb4+ 24.c3 Bf5 25.Rc7 Bxa5 26.Re7 Qc5 27.Rxb7 Bc8 28.Rb8 Bc7 29.Ra8 Qd6
30.O-O e4 31.g3 f5 32.Qa4 e3 33.fxe3 Bb6 34.Qc6 Bxe3+ 35.Kg2  1-0

[Event "ch-FIN 2013"]
[Site "Mantta FIN"]
[Date "2013.06.13"]
[Round "4.4"]
[White "Maki Uuro,Mi"]
[Black "Jarvenpaa,J"]
[Result "1/2-1/2"]
[WhiteElo "2336"]
[BlackElo "2301"]

1.e4 c5 2.Nf3 d6 3.d4 cxd4 4.Nxd4 Nf6 5.Nc3 a6 6.Be3 e6 7.a4 Bd7 8.Be2 Nc6
9.Nb3 Na5 10.Nxa5 Qxa5 11.O-O Bc6 12.Qd2 Qc7 13.f3 d5 14.exd5 Bxd5 15.Kh1 Bd6
16.Bg5 Bc6 17.Nb5 axb5 18.axb5 Rxa1 19.Rxa1 Bd7 20.Bxf6 gxf6 21.Ra8+ Bc8
22.b6 Qc6 23.Rxc8+ Qxc8 24.Qxd6 Qd7 25.Qb8+ Qd8 26.Bb5+ Ke7 27.Qxb7+ Kf8
28.Bd3 Kg7 29.h3 Qd6 30.Qe4 Qxb6 31.Qg4+ Kf8 32.b4 h5 33.Qf4 Ke7 34.b5 Ra8
35.Qb4+ Qd6 36.Qxd6+ Kxd6 37.h4 Kc5 38.Kh2 f5 39.f4 f6 40.Kg3 Ra3 41.Kf2 Rxd3
42.cxd3 Kxb5 43.Ke3 Kc5 44.Kd2 Kd4 45.Ke2 e5 46.g3 Kc5 47.Ke3 Kb4 48.Ke2 Kb5
49.Kd2 Kc6 50.Ke3 Kd6 51.Kd2 Kc5 52.Ke3 Kd5 53.Kd2 Kd4 54.Ke2 Kc3 55.Ke3 Kb4
56.Ke2 Kc3 57.Ke3 Kb4 58.Ke2  1/2-1/2

[Event "17th Petr Izmailov"]
[Site "Tomsk RUS"]
[Date "2013.06.14"]
[Round "4.6"]
[White "Shomoev,A"]
[Black "Lozhnikov,V"]
[Result "1-0"]
[WhiteElo "2565"]
[BlackElo "2323"]

1.e4 c5 2.Nf3 d6 3.d4 cxd4 4.Nxd4 Nf6 5.Nc3 a6 6.Be3 e6 7.g4 h6 8.h4 Nc6
9.Nxc6 bxc6 10.Qf3 Rb8 11.O-O-O Qa5 12.Bc4 Nd7 13.Qg3 c5 14.Bb3 Qb4 15.Rhe1 g6
16.Na4 Qb7 17.Bf4 e5 18.Bd2 Nf6 19.Nxc5 Qc7 20.Nd3 Bxg4 21.f3 Bd7 22.f4 Bg4
23.fxe5 dxe5 24.Qxe5+ Qxe5 25.Nxe5 Bxd1 26.Ba4+ Rb5 27.Rxd1 Ke7 28.Bxb5 axb5
29.Bc3 Bg7 30.Nc6+ Ke6 31.Nd4+ Ke7 32.Bb4+ Ke8  1-0

[Event "2nd Grand Europe Open 2013"]
[Site "Golden Sands BUL"]
[Date "2013.06.15"]
[Round "6.31"]
[White "Berescu,A"]
[Black "Soumya,Sw"]
[Result "1-0"]
[WhiteElo "2461"]
[BlackElo "2289"]

1.e4 c5 2.Nf3 d6 3.d4 cxd4 4.Nxd4 Nf6 5.Nc3 a6 6.Be3 e6 7.f3 b5 8.Qd2 Nbd7
9.g4 h6 10.O-O-O b4 11.Nce2 Qc7 12.h4 d5 13.Bf4 e5 14.Bh2 dxe4 15.g5 hxg5
16.hxg5 Rxh2 17.Rxh2 exd4 18.Rh8 Nd5 19.Qxd4 Bb7 20.Bh3 N5b6 21.Qxg7 Qc5
22.Nd4 O-O-O 23.Qxf7 Qxg5+ 24.f4 Qc5 25.Rh5 Qe7 26.Qg6 Kb8 27.Ne6 Rc8 28.Rh7 Qe8
29.Nxf8 Qxf8 30.Bxd7 Qxf4+ 31.Kb1 Nxd7 32.Rhxd7 e3 33.Re7 Qf3 34.Qd6+ Ka8
35.Rc1 e2 36.Qxb4 Rd8 37.Qb6 Rh8 38.a4 Rb8 39.Qe6 Bc6 40.Qxe2 Qxe2 41.Rxe2 Bxa4
42.Re7 Rc8 43.b3 Bc6 44.Rg1  1-0

[Event "DYTM Raja Nazrin Shah Masters"]
[Site "Kuala Lumpur MAS"]
[Date "2013.06.15"]
[Round "3.3"]
[White "Goh Weiming"]
[Black "Padmini,R"]
[Result "1-0"]
[WhiteElo "2441"]
[BlackElo "2347"]

1.e4 c5 2.Nf3 d6 3.Nc3 Nf6 4.d4 cxd4 5.Nxd4 a6 6.Be3 e5 7.Nb3 Be7 8.h3 O-O
9.g4 Be6 10.Qf3 a5 11.O-O-O Na6 12.Kb1 a4 13.Nxa4 Nb4 14.Nc3 Qc7 15.g5 Nd7
16.Qe2 Rfc8 17.Qd2 d5 18.exd5 Nxd5 19.Nxd5 Bxd5 20.Qxd5 Qxc2+ 21.Ka1 Ba3
22.Rb1 Bc5 23.Nxc5 Nxc5 24.Bc4 b5 25.Rhc1 Qa4 26.Bxc5 bxc4 27.Qxc4 Qd7 28.h4 Ra4
29.b4 Qf5 30.Qc2 Qd7 31.Rd1 Qb5 32.Qd3  1-0

[Event "27th Pula Open 2013"]
[Site "Pula CRO"]
[Date "2013.06.15"]
[Round "9.1"]
[White "Mazur,Ste"]
[Black "Zufic,M"]
[Result "1-0"]
[WhiteElo "2387"]
[BlackElo "2441"]

1.e4 c5 2.Nf3 d6 3.d4 cxd4 4.Nxd4 Nf6 5.Nc3 a6 6.Be3 Nbd7 7.f3 d5 8.Nb3 dxe4
9.fxe4 e6 10.Bd3 Qc7 11.Qe2 Bd6 12.O-O-O Bf4 13.Bxf4 Qxf4+ 14.Kb1 O-O 15.Rdf1 Qe5
16.g4 b5 17.g5 Ne8 18.h4 b4 19.Nd1 a5 20.h5 a4 21.Nd2 Nc5 22.g6 b3 23.gxf7+ Rxf7
24.Rxf7 Kxf7 25.Qf2+ Ke7 26.Nc4 Qc7 27.Rf1 Ba6 28.Qf8+ Kd8 29.Rf7 Qc6 30.Qe7+ Kc8
31.Rf8  1-0

[Event "8th Teplice Open 2013"]
[Site "Teplice CZE"]
[Date "2013.06.15"]
[Round "1.64"]
[White "Bobek,Daniel"]
[Black "Friml,A"]
[Result "0-1"]
[WhiteElo "1664"]
[BlackElo "2124"]

1.e4 c5 2.Nf3 d6 3.d4 cxd4 4.Nxd4 Nf6 5.Nc3 a6 6.Be3 e6 7.Be2 Be7 8.O-O Qc7
9.f4 Nc6 10.f5 Bd7 11.g4 h6 12.Nb3 Ne5 13.Nd4 Rc8 14.fxe6 fxe6 15.g5 hxg5
16.Bxg5 Qc5 17.Kh1 Nf7 18.Be3 Qb4 19.Rb1 Qa5 20.Rf2 Ne5 21.Qg1 Rh7 22.Rbf1 Kf7
23.Qg3 Rch8 24.Rg2 Ke8 25.Nf3 Neg4 26.Ng5 Rxh2+ 27.Rxh2 Nxh2 28.Nh3 Nxf1
29.Bxf1 Qe5 30.Qg6+ Kf8 31.Bf4 Qh5 32.Qxh5 Rxh5 33.Kg2 e5  0-1

[Event "US Juniors 2013"]
[Site "Saint Louis USA"]
[Date "2013.06.16"]
[Round "3.4"]
[White "Shen,V"]
[Black "Perez,Rob"]
[Result "0-1"]
[WhiteElo "2411"]
[BlackElo "2359"]

1.e4 c5 2.Nf3 d6 3.d4 cxd4 4.Nxd4 Nf6 5.Nc3 a6 6.Be3 e5 7.Nb3 Be6 8.h3 Be7
9.Qf3 h5 10.O-O-O Nbd7 11.Nd5 b5 12.Nxe7 Kxe7 13.Rg1 Qc7 14.g4 hxg4 15.hxg4 Rhc8
16.Bd3 a5 17.g5 Ne8 18.Kb1 a4 19.Na1 b4 20.Qe2 Nb6 21.Bd2 b3 22.cxb3 axb3
23.a3 Nc4 24.Bb4 Ra6 25.Rc1 Rc6 26.Rc3 Nb6 27.Rgc1 Rxc3 28.Rxc3 Qb8 29.Qd2 Na4
30.Rxc8 Qxc8 31.Bb5 Nc5 32.f3 Nc7 33.Be2 N7a6 34.Ba5 Qh8 35.Qe1 Qh2 36.Bd2 Nb8
37.Bb5 Nbd7 38.Qe2 Qh1+ 39.Qf1 Qh5 40.a4 Qh8 41.a5 Qa8 42.Qe2 Nb8 43.Bc3 Nc6
44.Bc4 Qh8 45.Bxe6 fxe6 46.Nxb3 Nxb3 47.Qb5 Qh1+ 48.Ka2 Nc1+ 49.Ka3 Nd8 50.a6 Qxf3
51.a7 Qxe4 52.Qb8 Qc4 53.a8=Q Qa2+ 54.Kb4 Qb3+ 55.Ka5 Qxb8  0-1

[Event "17th Petr Izmailov"]
[Site "Tomsk RUS"]
[Date "2013.06.16"]
[Round "6.22"]
[White "Ainutdinova,Y"]
[Black "Tarasov,Sergey Ivan"]
[Result "1-0"]
[WhiteElo "2066"]
[BlackElo "2138"]

1.e4 c5 2.Nf3 d6 3.d4 cxd4 4.Nxd4 Nf6 5.Nc3 a6 6.Be3 e6 7.f3 b5 8.Qd2 Nbd7
9.g4 h6 10.O-O-O Bb7 11.h4 b4 12.Na4 Qa5 13.b3 Nc5 14.a3 Nxa4 15.axb4 Qc7
16.bxa4 d5 17.e5 Nd7 18.f4 Nb6 19.Rh3 Nxa4 20.Bf2 Rc8 21.Be1 Be7 22.f5 Qd7
23.Qd3 O-O 24.g5 exf5 25.gxh6 g6 26.h5 Bg5+ 27.Kb1 Qe7 28.Rg3 Rc4 29.hxg6 fxg6
30.Qb3 Rxd4 31.Rxd4 Qxe5 32.Rd1 Bf6 33.Rxg6+ Kh8 34.Rxf6 Qxf6 35.Qxa4  1-0

[Event "Zonal 3.4 2013"]
[Site "Osh KGZ"]
[Date "2013.06.17"]
[Round "9"]
[White "Takyrbashev,B"]
[Black "Abdyjapar,Asyl"]
[Result "1-0"]
[WhiteElo "2242"]
[BlackElo "2416"]

1.e4 c5 2.Nf3 d6 3.d4 cxd4 4.Nxd4 Nf6 5.Nc3 a6 6.Be3 e5 7.Nb3 Be7 8.h3 h5
9.Qd3 b5 10.Nd5 Nbd7 11.Nxe7 Qxe7 12.f3 Nc5 13.Nxc5 dxc5 14.Qa3 c4 15.Bc5 Qc7
16.O-O-O Nd7 17.Bd6 Qb6 18.Qc3 f6 19.a4 Nc5 20.a5 Qc6 21.Bxc4 bxc4 22.Qxc4 Be6
23.Qxc5 Qxc5 24.Bxc5 Kf7 25.Rd6 Rhc8 26.b4 h4 27.Rhd1 Rc7 28.Kb2 Bc4 29.Kc3 Be6
30.Rb6 Rd7 31.Rdd6 Rxd6 32.Rxd6 g5 33.b5 axb5 34.a6 Bc4 35.Rd7+ Kg6 36.a7 Bf1
37.Rd2 Rc8 38.Kb4  1-0

[Event "17th Petr Izmailov"]
[Site "Tomsk RUS"]
[Date "2013.06.19"]
[Round "9.6"]
[White "Chigaev,M"]
[Black "Lozhnikov,V"]
[Result "1-0"]
[WhiteElo "2455"]
[BlackElo "2323"]

1.e4 c5 2.Nf3 d6 3.d4 cxd4 4.Nxd4 Nf6 5.Nc3 a6 6.Be3 e6 7.f3 b5 8.Qd2 Nbd7
9.g4 h6 10.O-O-O Bb7 11.h4 b4 12.Nce2 d5 13.Bh3 dxe4 14.g5 hxg5 15.hxg5 exf3
16.Nf4 Ne4 17.Qe1 Nxg5 18.Ndxe6 Nxe6 19.Nxe6 fxe6 20.Bxe6 Rxh1 21.Qxh1 Nf6
22.Rxd8+ Rxd8 23.Qh3 Bd6 24.Bb3  1-0

[Event "V4 Liptov IM 2013"]
[Site "Liptovsky Mikulas SVK"]
[Date "2013.06.20"]
[Round "1.4"]
[White "Bukojemski,A"]
[Black "Mikrut,D"]
[Result "0-1"]
[WhiteElo "2230"]
[BlackElo "2358"]

1.e4 c5 2.Nf3 d6 3.d4 cxd4 4.Nxd4 Nf6 5.Nc3 a6 6.Be3 e5 7.Nb3 Be7 8.f3 Be6
9.Qd2 O-O 10.O-O-O a5 11.Kb1 a4 12.Nc1 Ra5 13.Bb5 a3 14.b4 Ra8 15.g4 Nbd7
16.Nd5 Bxd5 17.exd5 Nb6 18.c4 Qc7 19.c5 Na4 20.Bxa4 Rxa4 21.Nb3 Rd8 22.g5 Nxd5
23.Qxd5 dxc5 24.Qc4 Rxb4 25.Qc3 c4 26.Kc1 Rc8 27.Nd2 Rb2 28.Ne4 Bb4  0-1

[Event "8th Teplice Open 2013"]
[Site "Teplice CZE"]
[Date "2013.06.21"]
[Round "7.56"]
[White "Kaluzny,Ma"]
[Black "Krutsky,Martin"]
[Result "1-0"]
[WhiteElo "1958"]
[BlackElo "1736"]

1.e4 c5 2.Nf3 d6 3.d4 cxd4 4.Nxd4 Nf6 5.Nc3 a6 6.Be3 e6 7.a4 Be7 8.Be2 Qc7
9.f4 Nbd7 10.Bf3 Nb6 11.O-O O-O 12.Qe1 Rd8 13.Kh1 Bd7 14.g4 Ne8 15.f5 e5
16.Nde2 Bc6 17.g5 f6 18.g6 h6 19.b3 Nc8 20.Qd2 Bf8 21.a5 Qe7 22.Nd5 Bxd5
23.Qxd5+ Kh8 24.Nc3 Nc7 25.Qxb7 d5 26.Bb6 Nxb6 27.axb6 Ne8 28.Qxe7 Bxe7 29.Nxd5 Bc5
30.b4 Bd6 31.c4  1-0

[Event "US Juniors 2013"]
[Site "Saint Louis USA"]
[Date "2013.06.22"]
[Round "8.2"]
[White "Harmon,L"]
[Black "Perez,Rob"]
[Result "1-0"]
[WhiteElo "2340"]
[BlackElo "2359"]

1.e4 c5 2.Nf3 d6 3.d4 cxd4 4.Nxd4 Nf6 5.Nc3 a6 6.Be3 e6 7.g4 e5 8.Nf5 h5
9.Bg5 hxg4 10.Nd5 Nbd7 11.Bc4 Nb6 12.Bxf6 gxf6 13.Bb3 Be6 14.Nxb6 Qxb6 15.Qxg4 Qa5+
16.Kf1 O-O-O 17.Rd1 Kb8 18.Qf3 Qb5+ 19.Qd3 Qc5 20.Bd5 Rc8 21.c3 Rd8 22.b4 Qc7
23.Rc1 Bh6 24.Rc2 Bg5 25.a4 Bd7 26.a5 Rc8 27.c4 Be6 28.h3 Bd7 29.Ke2 Bxf5
30.exf5 Rh4 31.Rd1 Rd4 32.Qb3 Qd7 33.Rxd4 exd4 34.Qd3 Qa4 35.Rb2 Bc1 36.Rb1 Bf4
37.Kf1 Be5 38.b5 axb5 39.Rxb5 Rc7 40.Kg2 Qa2 41.h4 Rd7 42.h5 Rd8 43.Rxb7+ Kc8
44.Qb3 Rg8+ 45.Kf3  1-0

[Event "8th Teplice Open 2013"]
[Site "Teplice CZE"]
[Date "2013.06.22"]
[Round "8.45"]
[White "Kula,Dominik"]
[Black "Friml,A"]
[Result "1-0"]
[WhiteElo "1894"]
[BlackElo "2124"]

1.e4 c5 2.Nf3 d6 3.d4 cxd4 4.Nxd4 Nf6 5.Nc3 a6 6.Be3 Qc7 7.f3 e6 8.Qd2 Be7
9.g4 b5 10.O-O-O Bb7 11.g5 Nfd7 12.h4 b4 13.Nce2 Nc6 14.Kb1 Nde5 15.Ng3 Rc8
16.Be2 O-O 17.f4 Nxd4 18.Bxd4 Nc4 19.Bxc4 Qxc4 20.Rde1 Rfd8 21.b3 Qc7 22.Qf2 Rd7
23.f5 e5 24.Bb6 Qc6 25.f6 Bf8 26.fxg7 Bxg7 27.Nh5 d5 28.Nf6+ Kh8 29.Nxd7 Qxd7
30.Rhf1 Kg8 31.exd5 Bxd5 32.h5 Qc6 33.Re2 Rb8 34.Bc5 Rb5 35.Be7 Be6 36.Bf6 e4
37.Rd2 Bd5 38.Bxg7 Kxg7 39.Qd4+ Kg8 40.h6 Qg6 41.Qe5  1-0

[Event "Gold Coast Open 2013"]
[Site "Gold Coast AUS"]
[Date "2013.06.23"]
[Round "4"]
[White "Ly,Mo"]
[Black "McClymont,Brodie"]
[Result "1-0"]
[WhiteElo "2430"]
[BlackElo "2235"]

1.e4 c5 2.Nf3 d6 3.d4 cxd4 4.Nxd4 Nf6 5.Nc3 a6 6.Be3 e5 7.Nb3 Be6 8.Be2 Be7
9.O-O O-O 10.Nd5 Bxd5 11.exd5 Nbd7 12.c4 Rc8 13.Qd3 Re8 14.Nd2 Bf8 15.f3 Nh5
16.g3 g6 17.b4 f5 18.Rae1 a5 19.a3 axb4 20.axb4 Ra8 21.Bd1 Nhf6 22.Qb1 Kh8
23.g4 f4 24.Bf2 b5 25.Qd3 bxc4 26.Nxc4 Qb8 27.b5 Rc8 28.g5 Ne8 29.b6 Be7
30.Qb3 Nc5 31.Qb1 Qb7 32.Be2 Qxd5 33.b7 Qxb7 34.Qxb7 Nxb7 35.Nb6 Bxg5 36.Nxc8 Rxc8
37.Ba6 Rc7 38.Rb1 Nd8 39.Rb8 Rf7 40.Bb6  1-0

[Event "HSG Open A 2013"]
[Site "Hilversum NED"]
[Date "2013.06.23"]
[Round "5.3"]
[White "Dgebuadze,A"]
[Black "Guliyev,N"]
[Result "1/2-1/2"]
[WhiteElo "2512"]
[BlackElo "2561"]

1.e4 c5 2.Nf3 d6 3.d4 cxd4 4.Nxd4 Nf6 5.Nc3 a6 6.Be3 e6 7.Be2 Be7 8.O-O O-O
9.a4 Nc6 10.f4 Qc7 11.Kh1 Re8 12.Qe1 Nxd4 13.Bxd4 e5 14.fxe5 dxe5 15.Qg3 Bd8
16.Be3 Be6 17.Bh6 g6 18.Rf2 Kh8 19.Raf1 Ng8 20.Be3 f6 21.Bg4 Qc6 22.Bxe6 Qxe6
23.Nd5 Rc8 24.b3 b5 25.axb5 axb5 26.Qf3 Be7 27.g4 Bc5 28.Bxc5 Rxc5 29.Nxf6 Nxf6
30.Qxf6+ Qxf6 31.Rxf6 Rxc2  1/2-1/2

[Event "7th Varna Open 2013"]
[Site "Varna BUL"]
[Date "2013.06.23"]
[Round "5.2"]
[White "Mekhitarian,K"]
[Black "Ashwin,J"]
[Result "1-0"]
[WhiteElo "2544"]
[BlackElo "2472"]

1.e4 c5 2.Nf3 d6 3.d4 cxd4 4.Nxd4 Nf6 5.Nc3 a6 6.Be3 e6 7.f3 b5 8.a3 Nbd7
9.g4 h6 10.Qd2 Bb7 11.O-O-O Rc8 12.h4 d5 13.Rg1 dxe4 14.g5 hxg5 15.hxg5 Nd5
16.Nxe4 g6 17.Bf2 b4 18.axb4 Nxb4 19.Nxe6 Bxe4 20.Nxd8 Rxc2+ 21.Qxc2 Bxc2
22.Nxf7 Rh2 23.Rd2 Nc5 24.Rd8+ Kxf7 25.Rxf8+ Kg7 26.Bd4+ Kxf8 27.Bxc5+ Ke8
28.Bxb4 Bf5 29.Bc3 Rc2+ 30.Kd1  1-0

[Event "Gold Coast Open 2013"]
[Site "Gold Coast AUS"]
[Date "2013.06.24"]
[Round "6"]
[White "Ly,Mo"]
[Black "Ftacnik,L"]
[Result "1/2-1/2"]
[WhiteElo "2430"]
[BlackElo "2543"]

1.e4 c5 2.Nf3 d6 3.d4 cxd4 4.Nxd4 Nf6 5.Nc3 a6 6.Be3 e5 7.Nb3 Be6 8.Be2 Be7
9.O-O Nbd7 10.Bf3 O-O 11.a4 Rc8 12.a5 Qc7 13.Qd2 b5 14.axb6 Nxb6 15.Na5 Rfd8
16.Nd5 Bxd5 17.Bxb6 Qxb6 18.exd5 Re8 19.Nc6 Bd8 20.Be2 a5 21.c3 e4 22.Kh1 Nxd5
23.Nxd8 Nf6 24.Nxf7 Kxf7 25.b4 axb4 26.Ra6 Qc7 27.cxb4 d5 28.b5 Re6 29.Qd4 Qc3
30.Qd1 Re7 31.Bg4 Rb8 32.Rc6 Qb2 33.Be2 Ra7 34.Rc2 Qe5 35.g3 Rba8 36.f4 exf3
37.Bxf3 Kg8 38.Re2 Qd6 39.Rd2 Rd8 40.Qb3 Ra3 41.Qb2 Ra4 42.Rb1 Ne4 43.Bxe4 Rxe4
44.b6 Re7 45.Qb5 Rb7 46.Re2 h6 47.Re8+ Rxe8 48.Qxe8+ Kh7 49.Qe3 d4 50.Qe4+ Qg6
51.Qxg6+ Kxg6 52.Kg2 Kf5 53.Kf3 Ke5 54.Rb5+ Kd6 55.Ke4 Kc6 56.Rb1 Rxb6 57.Rxb6+ Kxb6
58.Kxd4 Kc6 59.Ke4 Kd6 60.Kf5 Ke7 61.Kg6 Kf8 62.g4 Kg8 63.h3 Kh8 64.h4 Kg8  1/2-1/2

[Event "9th Prague Festival Open A"]
[Site "Prague CZE"]
[Date "2013.06.24"]
[Round "3.35"]
[White "Zemlicka,V"]
[Black "Zacek,P1"]
[Result "1-0"]
[WhiteElo "2016"]
[BlackElo "1649"]

1.e4 c5 2.Nf3 d6 3.d4 cxd4 4.Nxd4 a6 5.Nc3 Nf6 6.Be3 e6 7.f3 Be7 8.Qd2 O-O
9.O-O-O Nc6 10.g4 b5 11.Nxc6 Qc7 12.Nxe7+ Qxe7 13.Qxd6 Qb7 14.Qb6 Nd7 15.Qxb7 Bxb7
16.Rxd7  1-0

[Event "7th Varna Open 2013"]
[Site "Varna BUL"]
[Date "2013.06.24"]
[Round "6.20"]
[White "Krasovskiy,Kirill"]
[Black "Nikolov,Sas"]
[Result "1-0"]
[WhiteElo "2045"]
[BlackElo "2419"]

1.e4 c5 2.Nf3 d6 3.d4 cxd4 4.Nxd4 Nf6 5.Nc3 a6 6.Be3 e5 7.Nb3 Be6 8.f3 Be7
9.Qd2 O-O 10.O-O-O Nbd7 11.g4 b5 12.g5 b4 13.Ne2 Ne8 14.Ng3 a5 15.Kb1 Nc7
16.f4 a4 17.Nc1 exf4 18.Bxf4 b3 19.cxb3 axb3 20.a3 Ne5 21.Nf5 Ra4 22.Bxe5 dxe5
23.Qe1 Qe8 24.Bd3 Bxf5 25.exf5 Bxg5 26.Be4 Na6 27.Rg1 Bf6 28.Qe3 Qe7 29.Bc6 Rh4
30.Nxb3 e4 31.Rg2 h6 32.Rd7 Qe5 33.Rd5 Qc7 34.Rc2 Bg5 35.Qg3 Rc8 36.Ra5 Qb6
37.Bxe4 Re8 38.Bd5 Nb8 39.Qc7 Qxc7 40.Rxc7 Bd8 41.Rc8 Kf8 42.Ra8  1-0

[Event "8th Vladimir Dvorkovich Cup"]
[Site "Moscow RUS"]
[Date "2013.06.25"]
[Round "1.7"]
[White "Xu,Minghui"]
[Black "Minald,Andrey"]
[Result "0-1"]
[WhiteElo "2117"]
[BlackElo "1766"]

1.e4 c5 2.Nf3 d6 3.d4 cxd4 4.Nxd4 Nf6 5.Nc3 a6 6.Be3 e5 7.Nb3 Be6 8.f3 Be7
9.Qd2 b5 10.O-O-O Nbd7 11.g4 Nb6 12.Na5 Qc7 13.g5 Nfd7 14.Nd5 Nxd5 15.exd5 Bf5
16.Nc6 Nb8 17.Nxe7 Qxe7 18.Bd3 Bxd3 19.Qxd3 O-O 20.h4 Nd7 21.Rhe1 f5 22.f4 e4
23.Bd4 Qd8 24.Qc3 Rc8 25.Qa3 Qc7 26.Bc3 Nc5 27.Rd2 Qb6 28.Kb1 Rfe8 29.Ba5 Qb7
30.Qe3 Qf7 31.b3 Qd7 32.Ree2 Qf7 33.Bc3 Qc7 34.Bb2 a5 35.h5 Kf8 36.h6 g6
37.Qc3 Qf7 38.Qxa5 e3 39.Rd1 Ne4 40.Rxe3 Ra8 41.Qb6 Qa7 42.Qxa7 Rxa7 43.Rde1 Rae7
44.Kc1 b4 45.Rd1 Ra7 46.Rd4 Rb8 47.Kb1 Re7 48.Rf3 Rc8 49.a3 Rec7 50.Re3 Rxc2
51.Rxb4 Rf2 52.Rexe4 fxe4 53.Rxe4 Rf1+ 54.Ka2 Rc2 55.Rc4 Rd2 56.Rc8+ Ke7
57.Rc7+ Kd8 58.Rxh7 Rff2 59.a4 Rxb2+ 60.Ka3 Ra2+ 61.Kb4 Rxf4+ 62.Kb5 Rb2
63.Kc6 Rxb3 64.Rg7 Rxa4 65.Rg8+ Ke7 66.Rg7+ Kf8 67.Rxg6 Rc4+ 68.Kd7 Rb7+
69.Kd8 Ra4 70.Kc8 Re7 71.Kb8 Rg4 72.Rf6+ Kg8 73.g6 Rb4+ 74.Kc8 Ra4 75.Kd8 Rb7
76.h7+ Kg7 77.Rf7+ Rxf7 78.gxf7 Kxf7 79.h8=N+ Kg7 80.Ke7 Kxh8  0-1

[Event "8th Vladimir Dvorkovich Cup"]
[Site "Moscow RUS"]
[Date "2013.06.26"]
[Round "2.8"]
[White "Mammadzada,G"]
[Black "Harazinska,Ewa"]
[Result "1-0"]
[WhiteElo "2029"]
[BlackElo "2068"]

1.e4 c5 2.Nf3 d6 3.d4 cxd4 4.Nxd4 Nf6 5.Nc3 a6 6.Be3 Ng4 7.Bg5 h6 8.Bh4 g5
9.Bg3 Bg7 10.Be2 h5 11.Bxg4 Bxg4 12.f3 Bd7 13.Bf2 Nc6 14.Nxc6 bxc6 15.Bd4 e5
16.Be3 Be6 17.Qd2 Bf6 18.Rd1 Be7 19.O-O f6 20.b3 Qa5 21.Qd3 Rb8 22.Na4 d5
23.exd5 cxd5 24.Qg6+ Kd7 25.c4 d4 26.Rfe1 Bb4 27.Bxd4 Ke7 28.Qg7+ Bf7 29.Bxe5 Bxe1
30.Qxf6+ Kf8 31.Qxh8+  1-0